000 00661nam a22001337a 4500
040 _cRUA
082 _aAGR MAT 2016 B579 Or.1
100 _aMATH MAISAM ម៉ាត់ មៃសំ
245 _aeffect of various culture medium on growth and yield of microgreen ឥទ្ធិពលនៃមជ្ឍេជា្ឋនដាំដុះខុសៗគ្នាទៅលើការលូតលាស់និងទិន្នផលដំណាំយកពល្លក
260 _aphnom penh
_bRUA
_c2016
300 _axi;38;
_billl;
_c29cm;
856 _uhttps://drive.google.com/file/d/1OwSpM90TGNgFYWGMOCS7Ee4yVVExGnPk/view?usp=sharing
942 _cAGR
999 _c14715
_d14715